000 01105cam a22002052 4500
001 0000024821
005 20151217155917.0
008 140212s xx 000 0 eng d
040 _aKABU
_cKABU
110 2 _aKenya.
_bMinistry of Devolution and Planning.
_@0000185058
245 1 0 _aNyandarua County development profile /
_cMinistry of Devolution and Planning.
250 _a1st ed.
260 _aNairobi :
_bGovernment Printer,
_c2013.
300 _axviii, 104 p.
610 2 0 _aNyandarua County (Kenya)
_xEconomic conditions.
_@0000185089
610 2 0 _aNyandarua County (Kenya)
_xEconomic policy.
_@0000185089
852 1 _9p+++++++++++++++++++++++++++++++++++++++++++++++++++++++++++++++++++++++++++++++++++++++++++++++++++++++++++++++++++++++++++++++++++++++++++++++++++++++++++++++++++++++++++++++++++++++++++++++++++++++++++++++++++++++++++++++++++++++++++++++++++++++++++++++++++++++++++++++++++++++++++++++++++++++++++++++++++++++++++++++++++++++++++++++++++++++++++++++++++++++++++++++++++++++++++++++++
908 _a140212
950 _@1
999 _c13978
_d13978